000 00286nam a22001337a 4500
008 180118b xxu||||| |||| 00| 0 eng d
020 _a2900314187856
041 _aeng
080 _a34
100 _a14
101 _aJUR
245 _aCIVIL PROCEDURE
_cSPENCER.A.B
942 _2udc
_cBK
999 _c40498
_d40498